000 01981nam0a2200361 i 4500
001 RU\NLR\BIBL_A\011494643
005 20240921175745.0
010 _a9785380001427
021 _aRU
_b2017-69539
_94933
035 _a(RuMoRGB)009392745
035 _a(NLR Aleph) 011494643
090 _a11964664
_c11964664
100 _a20171012d2015 u y0rusy50 ca
101 0 _arus
102 _aRU
105 _aa|||z|||000gy
200 1 _aМузыка сердца
_eсборник стихов
_fРосНОУ, Ступинский филиал, Литературная студия "Гармония"
_g[главный редактор: Н.И. Солнцева
_gхудожник-оформитель: С.А. Попова]
210 _aМосква
_cММТК-СТРОЙ
_d2015
215 _a80 с.
_cил.
_d21
327 0 _aСодерж.: авт.: Болоцкая Юлия, Грачев Владислав, Кобец Светлана, Кузнецовене Елена Владимировна, Куракина Мария, Максимов Сергей Николаевич, Мелекесцева Мария, Панина Юлия, Питерцев Максим, Солнцева Наталья Ивановна [и др.]
686 _aШ5(2=Р)64-65я43
_2rubbk
686 _aШ5(2=Р)64-697"Гармония", литературная студия
_2rubbk
686 _aШ5(2=Р)64-699.9Ступино, город
_2rubbk
686 2 _aШ6(2=Р)8-5
702 1 _aСолнцева
_bН. И.
_gНаталья Ивановна
_4340
702 1 _4040
_7ca
_8rus
_aПопова
_bС. А.
_cхудожник-оформитель
_gСветлана Александровна
_9181116
_3RU\NLR\AUTH\770181167
711 0 2 _a"Гармония", литературная студия
_cСтупино
_9571730
_3RU\NLR\AUTH\880454147
942 _cBOOK
980 _aNBR